Термодинамическая эффективность использования органоводоугольного топлива; Проблемы геологии и освоения недр; Т. 2

Bibliographic Details
Parent link:Проблемы геологии и освоения недр: труды XXI Международного симпозиума имени академика М. А. Усова студентов и молодых ученых, посвященного 130-летию со дня рождения профессора М. И. Кучина, Томск, 3-7 апреля 2017 г./ Национальный исследовательский Томский политехнический университет (ТПУ), Институт природных ресурсов (ИПР) ; под ред. А. С. Боева.— , 2017
Т. 2.— 2017.— [С. 215-217]
Main Author: Шевырёв С. А. Сергей Александрович
Corporate Authors: Национальный исследовательский Томский политехнический университет (ТПУ) Энергетический институт (ЭНИН) Кафедра автоматизации теплоэнергетических процессов (АТП), Национальный исследовательский Томский политехнический университет (ТПУ) Энергетический институт (ЭНИН) Лаборатория моделирования процессов тепломассопереноса (ЛМПТ)
Other Authors: Валиуллин Т. Р. Тимур Радисович, Вершинина К. Ю. Ксения Юрьевна
Summary:Заглавие с экрана
Language:Russian
Published: 2017
Series:Энергоснабжение и автоматизация объектов нефтегазовой промышленности
Subjects:
Online Access:http://earchive.tpu.ru/handle/11683/42072
Format: Electronic Book Chapter
KOHA link:https://koha.lib.tpu.ru/cgi-bin/koha/opac-detail.pl?biblionumber=623340

MARC

LEADER 00000naa2a2200000 4500
001 623340
005 20231226095717.0
035 |a (RuTPU)RU\TPU\conf\22288 
035 |a RU\TPU\conf\22287 
090 |a 623340 
100 |a 20170815d2017 k y0rusy50 ca 
101 0 |a rus 
102 |a RU 
105 |a y z 100zy 
135 |a drgn ---uucaa 
181 0 |a i  
182 0 |a b 
200 1 |a Термодинамическая эффективность использования органоводоугольного топлива  |f С. А. Шевырёв, Т. Р. Валиуллин, К. Ю. Вершинина 
203 |a Текст  |c электронный 
225 1 |a Энергоснабжение и автоматизация объектов нефтегазовой промышленности 
300 |a Заглавие с экрана 
320 |a [Библиогр.: с. 217 (3 назв.)] 
461 1 |0 (RuTPU)RU\TPU\conf\21932  |t Проблемы геологии и освоения недр  |o труды XXI Международного симпозиума имени академика М. А. Усова студентов и молодых ученых, посвященного 130-летию со дня рождения профессора М. И. Кучина, Томск, 3-7 апреля 2017 г.  |o в 2 т.  |f Национальный исследовательский Томский политехнический университет (ТПУ), Институт природных ресурсов (ИПР) ; под ред. А. С. Боева  |d 2017 
463 1 |0 (RuTPU)RU\TPU\conf\21938  |t Т. 2  |v [С. 215-217]  |d 2017 
610 1 |a труды учёных ТПУ 
610 1 |a электронный ресурс 
610 1 |a органоводоугольные топлива 
610 1 |a энергетическая эффективность 
610 1 |a твердые топлива 
610 1 |a тепловые электроустановки 
610 1 |a термодинамическая эффективность 
700 1 |a Шевырёв  |b С. А.  |c специалист в области теплоэнергетики  |c научный сотрудник Томского политехнического университета, кандидат технических наук  |f 1987-  |g Сергей Александрович  |3 (RuTPU)RU\TPU\pers\36006 
701 1 |a Валиуллин  |b Т. Р.  |c специалист в области теплоэнергетики  |c ассистент кафедры Томского политехнического университета, кандидат технических наук  |f 1991-  |g Тимур Радисович  |3 (RuTPU)RU\TPU\pers\42018 
701 1 |a Вершинина  |b К. Ю.  |c специалист в области теплоэнергетики  |c доцент Томского политехнического университета, кандидат физико-математических наук  |f 1992-  |g Ксения Юрьевна  |3 (RuTPU)RU\TPU\pers\33595  |9 17253 
712 0 2 |a Национальный исследовательский Томский политехнический университет (ТПУ)  |b Энергетический институт (ЭНИН)  |b Кафедра автоматизации теплоэнергетических процессов (АТП)  |3 (RuTPU)RU\TPU\col\18678 
712 0 2 |a Национальный исследовательский Томский политехнический университет (ТПУ)  |b Энергетический институт (ЭНИН)  |b Лаборатория моделирования процессов тепломассопереноса (ЛМПТ)  |3 (RuTPU)RU\TPU\col\19906 
801 2 |a RU  |b 63413507  |c 20181018  |g RCR 
856 4 |u http://earchive.tpu.ru/handle/11683/42072 
942 |c BK